[Event "XV South American-ch Open U20 2019"]
[Site "Asuncion"]
[Date "2019.05.16"]
[Round "8.10"]
[White "Orrego Palermo, Marcelo"]
[Black "Allo Collante, Enrique"]
[Result "1/2-1/2"]
[WhiteElo "1632"]
[BlackElo "1595"]
[Annotator "NA RC"]
[PlyCount "62"]
[EventDate "2019.05.11"]
[EventType "swiss"]
[EventCountry "PAR"]
[SourceTitle "playchess.com"]
[Source "ChessBase"]
[SourceQuality "1"]
[TimeControl "5400+30"]

1. d4 d5 2. c4 c6 3. cxd5 cxd5 4. Nc3 Nf6 5. Bf4 e6 6. e3 Nc6 7. Bd3 Be7 8. Nf3 O-O 9. O-O a6 10. Na4 Re8 11. Qb3 Nd7 12. Rfc1 Qa5 13. a3 h6 14. Qc2 Qd8 15. b4 e5 16. Bxe5 Ndxe5 17. dxe5 Bf8 18. Rd1 Nxe5 19. Be2 Bd7 20. Nxe5 Rxe5 21. Nc3 Bc6 22. Bf3 Rc8 23. Qb3 Qf6 24. Nxd5 Qg6 25. e4 Rg5 26. Rac1 Bd6 27. Qe3 Re8 28. Qd3 Qe6 29. Ne3 Bf4 30. Rc3 Be5 31. Rcc1 Bf4 1/2-1/2

[Event "XV South American-ch Open U20 2019"]
[Site "Asuncion"]
[Date "2019.05.16"]
[Round "8.11"]
[White "Avalos Sanabria, Augusto Alfredo"]
[Black "Ayala Ruiz, Miguel Angel"]
[Result "1-0"]
[WhiteElo "1474"]
[BlackElo "1444"]
[Annotator "NA RC"]
[PlyCount "117"]
[EventDate "2019.05.11"]
[EventType "swiss"]
[EventCountry "PAR"]
[SourceTitle "playchess.com"]
[Source "ChessBase"]
[SourceQuality "1"]
[TimeControl "5400+30"]

1. e4 c5 2. Nf3 e6 3. d4 cxd4 4. Nxd4 a6 5. c4 Nf6 6. Nc3 Qc7 7. Be3 Bb4 8. f3 b6 9. Qb3 Be7 10. Be2 d6 11. f4 Bb7 12. Qc2 Nbd7 13. b4 O-O 14. O-O Rac8 15. Rac1 Rfe8 16. Rf3 d5 17. cxd5 exd5 18. Nxd5 Nxd5 19. exd5 Qxc2 20. Rxc2 Bxd5 21. Rxc8 Rxc8 22. Rg3 Bxb4 23. Bxa6 Ra8 24. Bb5 Nf6 25. Nc2 Bd6 26. a4 Bb3 27. Ne1 Nd5 28. Bxb6 Bxa4 29. Bxa4 Nxb6 30. Bb3 Ra1 31. Kf1 Bxf4 32. Rf3 Bd2 33. Bxf7+ Kh8 34. Rd3 Rxe1+ 35. Kf2 g6 36. Rxd2 Re7 37. Ba2 Kg7 38. g4 Nd7 39. g5 Nc5 40. Rd5 Ne4+ 41. Kf3 Nc3 42. Ra5 Re2 43. Ra7+ Kf8 44. Ra8+ Ke7 45. Ra7+ Kd6 46. Bg8 Rxh2 47. Bxh7 Rh5 48. Kg4 Nd5 49. Bxg6 Rh1 50. Be4 Rg1+ 51. Kh5 Nf4+ 52. Kh6 Ne6 53. g6 Rg4 54. Bf3 Rf4 55. Bh5 Rf8 56. Kh7 Rf5 57. Bg4 Nf8+ 58. Kg7 Ne6+ 59. Kh6 1-0

[Event "XV South American-ch Open U20 2019"]
[Site "Asuncion"]
[Date "2019.05.16"]
[Round "8.12"]
[White "Araoz Andrade, Ivan Alexander"]
[Black "Menacho Admen, Victor Gabriel"]
[Result "1-0"]
[WhiteElo "1843"]
[BlackElo "1103"]
[Annotator "NA RC"]
[PlyCount "45"]
[EventDate "2019.05.11"]
[EventType "swiss"]
[EventCountry "PAR"]
[SourceTitle "playchess.com"]
[Source "ChessBase"]
[SourceQuality "1"]
[TimeControl "5400+30"]

1. d4 d5 2. c4 e6 3. Nc3 Nf6 4. cxd5 exd5 5. Bg5 Be7 6. e3 Nc6 7. Qb3 {D35: Queen's Gambit Declined: Exchange Variation} (7. Bd3 O-O 8. Nge2 Nb4 9. Bb1 c6 10. Ng3 Na6 11. h4 c5 12. a3 cxd4 13. Qxd4 Re8 14. h5 h6 15. Bh4 Bc5 16. Qd3 d4 17. Bxf6 Qxf6 18. Nd5 {1-0 (18) Bru Rullo,L (2179)-Saldana Caballe,J (2061) Tarragona 2018}) 7... Be6 8. Qxb7 Bd7 $146 ({Predecessor:} 8... Rb8 9. Qxc6+ Bd7 10. Qa6 Ra8 11. Bb5 O-O 12. Bxd7 Qxd7 13. Nf3 Rfb8 14. Qa4 c6 {1-0 (32) Carstens Dobuchak,T (1838)-Weise,W Curitiba 2010}) 9. Qb3 Be6 10. Bb5 O-O 11. Bxc6 Rb8 12. Qc2 h6 13. Bxf6 Bxf6 14. Nf3 Qd6 15. Bb5 c6 16. Bd3 g6 17. O-O c5 18. b3 cxd4 19. exd4 Bg4 20. Ne5 Bxe5 21. dxe5 Qxe5 22. Rfe1 Qc7 23. Nxd5 $18 1-0

[Event "XV South American-ch Open U20 2019"]
[Site "Asuncion"]
[Date "2019.05.17"]
[Round "9.1"]
[White "Coro, Lucas"]
[Black "Zambrano Acebo, Jean Junior"]
[Result "1-0"]
[WhiteElo "2315"]
[BlackElo "2174"]
[Annotator "TA"]
[PlyCount "107"]
[EventDate "2019.05.11"]
[EventType "swiss"]
[EventCountry "PAR"]
[SourceTitle "playchess.com"]
[Source "ChessBase"]
[SourceQuality "1"]

{[%evp 25,107,41,64,42,50,29,41,39,27,33,40,49,86,95,125,130,148,158,153,161,232,242,237,234,277,257,240,193,220,197,333,193,279,264,283,274,251,103,311,299,289,282,657,637,773,765,763,756,1585,1572,1577,1574,1539,1517,1549,1489,1393,1387,29979,29980,29980,29981,29981,29981,29982,29982,29982,29983,29983,29984,29986,29985,29985,29986,29988,29986,29986,29987,29987,29988,29988,29989,29989,29990]} 1. e4 c5 2. Nf3 g6 3. d4 cxd4 4. Nxd4 Bg7 5. c4 Nc6 6. Be3 Nf6 7. Nc3 O-O 8. Be2 d6 9. O-O Bd7 10. f3 Qb6 11. Ncb5 Nxd4 12. Bxd4 Qa5 13. Nc3 Be6 14. a3 {B38: Sicilian: Maroczy Bind with 5...Bg7 and 7...0-0} (14. Rc1 Rfc8 15. b3 a6 16. f4 b5 17. f5 Bd7 18. Bxf6 Bxf6 19. Nd5 Bg5 20. Rc3 e6 21. Rg3 Bh4 22. Rg4 {1-0 (30) Efimenko,Z (2651)-Korobov,A (2692) Rivne 2016}) 14... Nd7 15. f4 $146 ({Predecessor:} 15. Bxg7 Kxg7 16. Qd4+ f6 17. Nd5 Bxd5 18. exd5 Qb6 19. Qxb6 Nxb6 20. Kf2 Rfc8 21. b3 a5 {½-½ (42) Lautier,J (2465)-Milos,G (2510) Palma de Mallorca 1989}) 15... Rac8 16. b3 {[%cal Bb2b3,Bb3b4][%mdl 32] Strongly threatening f5!White is slightly better.} Bxd4+ 17. Qxd4 {aiming for f5!} Qc5 18. Qxc5 Nxc5 19. f5 Bd7 {[#]} 20. b4 $1 {[%cal Rb4c5]} Na4 21. Nd5 Rce8 {[#]} 22. f6 $1 {[%cal Rf6e7]} e6 (22... e5 $142 23. Rac1 Rd8) 23. Ne7+ $18 Kh8 24. Rac1 Rd8 25. Rfd1 Bc6 26. Bf3 a6 27. g4 Rd7 (27... Nb6 {was necessary.} 28. b5 axb5) 28. h4 (28. Nxc6 $142 bxc6 29. c5) 28... Rfd8 (28... Nb6 {is a better defense.} 29. b5 axb5) 29. Kf2 h6 30. Ke3 Nb6 31. Rd2 (31. Nxc6 $18 bxc6 32. c5 dxc5 33. Rxd7 (33. bxc5 Rxd1 34. Bxd1 Nd7 $14) 33... Nxd7 34. Rd1 (34. bxc5 Rb8 $11)) 31... d5 $2 (31... Ba4 $16) 32. cxd5 exd5 33. exd5 ({Not} 33. Nxc6 bxc6 34. Kf4 Rd6 $16) 33... Nxd5+ $2 (33... Bxd5 34. Nxd5 Nxd5+ 35. Bxd5 Rxd5 36. Rxd5 Rxd5) 34. Bxd5 Bxd5 35. Rcd1 Bc6 36. Rxd7 Rxd7 37. Rxd7 Bxd7 {[%mdl 4096] Endgame KB-KN} 38. g5 Be6 39. Kd4 Bg4 40. Kc5 Kh7 41. Kb6 hxg5 42. hxg5 {White mates.} Bf3 43. a4 Be4 44. a5 Bf3 45. Kc7 Kh8 46. Nc8 Kg8 47. Nd6 Kf8 48. Nxb7 Be2 49. Nd6 Bd3 50. Kb6 Be2 51. b5 axb5 52. a6 {[%cal Ba5a6,Ba6a7][%mdl 32]} Bf3 53. Nb7 Ke8 54. a7 {Accuracy: White = 73%, Black = 28%.} 1-0

[Event "XV South American-ch Open U20 2019"]
[Site "Asuncion"]
[Date "2019.05.17"]
[Round "9.2"]
[White "Zapata Charles, Santiago"]
[Black "Cadilhac, Igor Tokuichi Kikuc"]
[Result "1/2-1/2"]
[WhiteElo "2322"]
[BlackElo "2288"]
[Annotator "TA"]
[PlyCount "79"]
[EventDate "2019.05.11"]
[EventType "swiss"]
[EventCountry "PAR"]
[SourceTitle "playchess.com"]
[Source "ChessBase"]
[SourceQuality "1"]

{[%evp 10,79,14,16,18,21,9,0,7,16,7,0,-13,-13,0,0,0,-39,-13,-29,-35,-44,-43,-30,-41,-33,-38,-43,-56,-49,-47,-70,-12,-43,-39,-50,-18,-48,-39,-52,-26,-25,-25,-21,-14,-23,-23,-42,-25,-44,-41,-54,-46,-68,-51,-72,-18,-40,-18,-29,-25,-20,-26,-15,-18,-43,0,-21,-4,-23,0,-7]} 1. e4 e5 2. Bc4 Nf6 3. d3 c6 4. Nf3 d5 5. Bb3 Bd6 6. exd5 Nxd5 {C24: Bishop's Opening: 2...Nf6} 7. O-O O-O 8. Re1 Bg4 9. h3 Bh5 $1 10. Nbd2 Nd7 {[%cal Bb8d7,Bd7c5,Bc5e6,Be6f4][%mdl 32]} 11. Ne4 Bc7 12. Ng3 Bg6 13. a3 {[#]} Kh8 $146 ({Predecessor:} 13... h6 14. d4 exd4 15. Qxd4 {0-1 (24) Tiviakov,S (2686)-Shirov,A (2726) Benidorm 2008}) 14. Bg5 f6 15. Bd2 Nc5 16. Ba2 Qd7 17. Nh4 Bf7 18. Ne4 Ne6 19. Qg4 Rad8 20. Nf5 {[#] aiming for Nc5!} Rg8 (20... g6 $15 21. Nh6 f5 {[%mdl 64] Double Attack}) 21. Nc3 Nef4 {White must now prevent ...Bh5.} 22. Nxd5 Nxd5 (22... cxd5 {feels hotter.} 23. Bxf4 h5 24. Qf3 Qxf5 25. Be3 Qg6) 23. Qf3 Be6 24. Ne3 Nf4 25. Bxe6 Nxe6 26. Bc3 Nf4 27. Rad1 Rge8 28. Nf1 Qd5 {next ...Qxf3 is good for Black.} 29. Qxd5 cxd5 30. d4 e4 31. Ne3 Kg8 32. h4 Kf7 (32... g6 $17) 33. g3 $11 Ne6 (33... Nh5 {is interesting.} 34. Bb4 a5 35. Bd2 g6 36. a4 f5) 34. b3 g6 35. Bb2 Bb6 36. Kg2 f5 37. f4 Re7 (37... exf3+ $5 38. Kxf3 Ba5 $11) 38. Re2 Red7 39. Red2 Ke8 40. h5 {Accuracy: White = 49%, Black = 58%.} 1/2-1/2

[Event "XV South American-ch Open U20 2019"]
[Site "Asuncion"]
[Date "2019.05.17"]
[Round "9.3"]
[White "Cantero, Rodolfo"]
[Black "Donoso Diaz, Sebastian"]
[Result "0-1"]
[WhiteElo "2059"]
[BlackElo "2251"]
[Annotator "NA RC"]
[PlyCount "76"]
[EventDate "2019.05.11"]
[EventType "swiss"]
[EventCountry "PAR"]
[SourceTitle "playchess.com"]
[Source "ChessBase"]
[SourceQuality "1"]
[TimeControl "5400+30"]

1. e4 {[%emt 0:00:30]} c5 {[%emt 0:00:30]} 2. Nf3 {[%emt 0:00:00]} e6 {[%emt 0:00:30]} 3. b3 {[%emt 0:00:00]} a6 {[%emt 0:04:30]} 4. Bb2 {[%emt 0:00:00]} Nc6 {[%emt 0:01:30]} 5. Bd3 {[%emt 0:00:00]} (5. Be2 d5 6. exd5 exd5 7. d4 Nf6 8. O-O Be7 9. dxc5 O-O 10. c4 Bxc5 11. Nc3 dxc4 12. Bxc4 Bg4 13. Nd5 Nxd5 14. Bxd5 {0-1 (29) Vachier Lagrave,M (2795)-Grischuk,A (2750) chess.com INT 2017}) 5... d6 {[%emt 0:06:30]} 6. O-O {[%emt 0:00:30] B40: Sicilian: 2...e6, Unusual lines} e5 {[%emt 0:02:30]} 7. Nc3 {[%emt 0:00:30]} Nge7 $146 {[%emt 0:08:30]} ({Predecessor:} 7... Nf6 8. h3 Be6 9. Re1 Be7 10. Bf1 O-O 11. d3 {½-½ (59) Mestek,I (2198)-Kolaric,S (2070) Nova Gorica 2012}) 8. Re1 {[%emt 0:00:30]} h6 {[%emt 0:06:30]} 9. Bc4 {[%emt 0:01:30]} b5 {[%emt 0:03:30]} 10. Bd5 {[%emt 0:00:00]} Nxd5 {[%emt 0:07:30]} 11. Nxd5 {[%emt 0:00:00]} g6 {[%emt 0:09:30]} 12. d3 {[%emt 0:00:30]} Bg7 {[%emt 0:01:30]} 13. a4 {[%emt 0:01:30]} Rb8 {[%emt 0:01:30]} 14. Qd2 {[%emt 0:01:30]} O-O {[%emt 0:01:30]} 15. g3 {[%emt 0:01:30]} Be6 {[%emt 0:03:30]} 16. axb5 {[%emt 0:00:30]} axb5 {[%emt 0:00:30]} 17. c4 {[%emt 0:03:30]} Bg4 {[%emt 0:10:30]} 18. Nh4 {[%emt 0:01:30]} bxc4 {[%emt 0:01:30]} 19. bxc4 {[%emt 0:00:00]} Qg5 {[%emt 0:00:30]} 20. Ne3 {[%emt 0:14:00]} Nd4 {[%emt 0:03:30]} 21. Ra2 {[%emt 0:10:30]} Ra8 {[%emt 0:04:39]} 22. Bxd4 {[%emt 0:01:30]} cxd4 {[%emt 0:04:33]} 23. Nxg4 {[%emt 0:00:00]} Qxg4 {[%emt 0:00:39]} 24. Rea1 {[%emt 0:02:00]} Rxa2 {[%emt 0:00:13]} 25. Rxa2 {[%emt 0:00:30]} Rb8 {[%emt 0:00:40]} (25... Bf6 $5 {[%cal Rf6h4]} 26. Ng2 h5 $11) 26. f3 {[%emt 0:03:30]} Rb1+ {[%emt 0:01:12]} 27. Kg2 {[%emt 0:00:30]} Qc8 {[%emt 0:00:45]} 28. Rc2 {[%emt 0:10:30]} Qa6 {[%emt 0:02:00]} 29. Rc1 {[%emt 0:04:30]} Rb3 {[%emt 0:01:20]} 30. Qe2 {[%emt 0:14:30]} Bf6 {[%emt 0:01:03]} 31. Kh3 {[%emt 0:01:30]} Qa3 {[%emt 0:01:42]} 32. Rd1 {[%emt 0:00:30] [#]} Bg5 $1 {[%emt 0:02:00]} 33. Ng2 {[%emt 0:02:30]} Rb2 {[%emt 0:00:12]} 34. Qf1 {[%emt 0:00:00]} Be3 {[%emt 0:01:34]} 35. f4 {[%emt 0:07:03]} Rf2 {[%emt 0:01:34]} 36. Nxe3 {[%emt 0:05:27]} dxe3 {[%emt 0:01:39]} 37. Qg1 {[%emt 0:00:11]} exf4 {[%emt 0:01:27]} 38. gxf4 $19 {[%emt 0:00:08]} e2 {[%emt 0:01:10]} 0-1

[Event "XV South American-ch Open U20 2019"]
[Site "Asuncion"]
[Date "2019.05.17"]
[Round "9.4"]
[White "Estrada Lavin, Cristian Alexand"]
[Black "Benitez Galeano, Alejandro"]
[Result "1/2-1/2"]
[WhiteElo "2116"]
[BlackElo "2052"]
[Annotator "NA RC"]
[PlyCount "121"]
[EventDate "2019.05.11"]
[EventType "swiss"]
[EventCountry "PAR"]
[SourceTitle "playchess.com"]
[Source "ChessBase"]
[SourceQuality "1"]
[TimeControl "5400+30"]

1. Nf3 {[%emt 0:00:30]} d5 {[%emt 0:12:30]} 2. b3 {[%emt 0:00:30]} Bg4 {[%emt 0:00:30]} 3. Ne5 {[%emt 0:03:30]} Bh5 {[%emt 0:04:30]} 4. d4 {[%emt 0:01:30]} (4. g4 Bg6 5. Nxg6 hxg6 6. Bg2 Qd6 7. h3 Nd7 8. Bb2 e5 9. d3 c6 10. Nd2 Be7 11. e3 f5 {1-0 (46) Harika,D (2539)-Guramishvili,S (2357) Teheran 2017}) 4... Nd7 {[%emt 0:02:30]} 5. Bb2 {[%emt 0:01:30]} e6 {[%emt 0:02:30]} 6. g3 {[%emt 0:03:30] A06: Réti Opening:1 Nf3 d5} Ngf6 {[%emt 0:06:30]} 7. Nxd7 {[%emt 0:01:30]} Qxd7 {[%emt 0:00:30]} 8. Bg2 $146 {[%emt 0:00:30]} ({Predecessor:} 8. Nd2 Qc6 9. c3 a5 10. a4 Qb6 11. Bg2 c5 12. O-O cxd4 13. cxd4 {1-0 (52) Boutteville,C-Gereben,E Bordeaux 1964}) 8... Be7 {[%emt 0:05:30]} 9. O-O {[%emt 0:00:30]} O-O {[%emt 0:00:30]} 10. Nd2 {[%emt 0:02:30]} a5 {[%emt 0:03:30]} 11. c4 {[%emt 0:08:30]} a4 {[%emt 0:04:30]} 12. f3 {[%emt 0:20:30]} c5 {[%emt 0:09:30]} 13. Kh1 {[%emt 0:01:30]} Rfd8 {[%emt 0:03:30]} 14. e3 {[%emt 0:09:30]} Bg6 {[%emt 0:04:30]} 15. Qe2 {[%emt 0:01:30]} b5 {[%emt 0:07:30]} 16. cxb5 {[%emt 0:15:30]} Rdb8 {[%emt 0:01:30]} 17. dxc5 {[%emt 0:02:30]} Rxb5 {[%emt 0:02:30]} 18. c6 {[%emt 0:01:30]} Qxc6 {[%emt 0:00:30]} 19. Rfc1 {[%emt 0:01:30]} Qd7 {[%emt 0:06:30]} 20. Be5 {[%emt 0:01:46]} Rb7 {[%emt 0:00:33]} 21. bxa4 {[%emt 0:02:37]} Ba3 {[%emt 0:00:41]} 22. Re1 {[%emt 0:02:25]} Qxa4 {[%emt 0:00:46]} 23. Nb3 {[%emt 0:00:45]} Nd7 {[%emt 0:00:55]} 24. Bb2 {[%emt 0:03:10]} Bd3 {[%emt 0:03:19]} 25. Qxd3 {[%emt 0:04:48]} Bxb2 {[%emt 0:00:02]} 26. Rab1 {[%emt 0:00:44]} Bf6 {[%emt 0:01:04]} 27. Re2 {[%emt 0:01:08]} Qc4 {[%emt 0:00:16]} 28. Rd1 {[%emt 0:02:51]} Rba7 {[%emt 0:02:49]} 29. Qxc4 {[%emt 0:01:50]} dxc4 {[%emt 0:00:02]} 30. Nc1 {[%emt 0:00:04]} Nb6 {[%emt 0:01:15]} 31. f4 {[%emt 0:00:51]} Rc8 {[%emt 0:01:40]} 32. Rd6 {[%emt 0:01:09]} Na4 {[%emt 0:00:17]} 33. Rc6 {[%emt 0:01:12]} Rxc6 {[%emt 0:03:04]} 34. Bxc6 {[%emt 0:00:00]} Nc5 {[%emt 0:00:28]} 35. Rc2 {[%emt 0:00:49]} Rc7 {[%emt 0:01:03]} 36. Bf3 {[%emt 0:01:24]} c3 {[%emt 0:00:26]} 37. g4 {[%emt 0:00:38]} g6 {[%emt 0:02:02]} 38. g5 {[%emt 0:00:13]} Bg7 {[%emt 0:00:01]} 39. e4 {[%emt 0:00:10]} Na6 {[%emt 0:00:55]} 40. a3 {[%emt 0:00:15]} Bf8 {[%emt 0:00:43]} 41. Ne2 {[%emt 0:00:21]} Bxa3 {[%emt 0:03:08]} 42. Rxc3 {[%emt 0:00:06]} Bc5 {[%emt 0:01:10]} 43. e5 {[%emt 0:02:10]} Rd7 {[%emt 0:00:38]} 44. Ng3 {[%emt 0:00:10]} Bf8 {[%emt 0:01:35]} 45. Ne4 {[%emt 0:01:12]} Rc7 {[%emt 0:01:06]} 46. Nf6+ {[%emt 0:00:22]} Kh8 {[%emt 0:00:02]} 47. Rd3 {[%emt 0:00:29]} Rc4 {[%emt 0:00:49]} 48. Rd8 {[%emt 0:00:22]} Kg7 {[%emt 0:00:01]} 49. Ne8+ {[%emt 0:01:13]} Kg8 {[%emt 0:00:06]} 50. Be2 {[%emt 0:00:24]} Ra4 {[%emt 0:00:46]} 51. Nf6+ {[%emt 0:00:24]} Kg7 {[%emt 0:00:02]} 52. Ne8+ {[%emt 0:00:28]} Kg8 {[%emt 0:00:01]} 53. Nf6+ {[%emt 0:00:50]} Kg7 {[%emt 0:00:00]} 54. Nd7 {[%emt 0:00:16]} Be7 {[%emt 0:00:40]} (54... Rd4 $1 $11) 55. Re8 {[%emt 0:00:12]} Bb4 {[%emt 0:00:20]} 56. Nf6 {[%emt 0:00:45]} Bf8 {[%emt 0:00:02] [#]} 57. Nxh7 {[%emt 0:00:36]} ({White should try} 57. Bxa6 $1 $16 Rxa6 58. Kg2) 57... Bc5 $2 {[%emt 0:01:35]} (57... Nc7 $11 {and Black stays safe.} 58. Rxf8 Nd5) 58. Nf6 {[%emt 0:00:13]} Bf8 {[%emt 0:00:02] [#]} 59. Nd7 $1 {[%emt 0:00:56]} Bb4 {[%emt 0:00:02]} 60. Nf6 $2 {[%emt 0:00:35]} (60. Rc8 $18) 60... Bf8 $16 {[%emt 0:00:02]} 61. Nd7 {[%emt 0:00:21]} 1/2-1/2

[Event "XV South American-ch Open U20 2019"]
[Site "Asuncion"]
[Date "2019.05.17"]
[Round "9.5"]
[White "Mayeregger, Arnold"]
[Black "Munoz, Francisco Javier"]
[Result "0-1"]
[WhiteElo "1913"]
[BlackElo "2308"]
[Annotator "TA"]
[PlyCount "108"]
[EventDate "2019.05.11"]
[EventType "swiss"]
[EventCountry "PAR"]
[SourceTitle "playchess.com"]
[Source "ChessBase"]
[SourceQuality "1"]

{[%evp 9,108,-4,25,17,54,43,42,0,0,0,-2,-6,0,0,0,0,0,0,0,-20,-18,-18,-14,-22,-21,-35,15,-7,0,0,0,-19,-11,-25,0,-3,42,15,15,-12,0,-4,-7,-54,-70,-137,-147,-148,-147,-168,-158,-159,-135,-141,-120,-175,-31,-45,-22,-47,-42,-65,-59,-51,0,-303,-36,-347,-309,-572,-596,-584,-569,-1129,-246,-220,-220,-1845,-1816,-1766,-1675,-1567,-1530,-29975,-29976,-29976,-29977,-29974,-29978,-29976,-29979,-29979,-29980,-29980,-29981,-29982,-29983,-29984,-29985,-29985,-29986]} 1. d4 d5 2. Bf4 Nf6 3. e3 c5 4. c3 Nc6 5. Nd2 Qb6 6. Qb3 {D00: 1 d4 d5: Unusual lines} c4 (6... Nh5 7. Qxb6 axb6 8. Bc7 cxd4 9. exd4 e5 10. Bxe5 Nxe5 11. dxe5 Bc5 12. g3 O-O {1-0 (76) Aronian,L (2765)-Caruana,F (2832) London 2018}) 7. Qc2 $1 g6 8. Be2 {White is slightly better.} Bg7 9. h3 Bf5 10. Qc1 Nd7 $146 ({Predecessor:} 10... O-O 11. Ngf3 Qd8 12. b3 b5 {½-½ (40) Ozkan,E (2219)-Metin,M (2166) Konya 2011}) 11. Ngf3 e5 12. dxe5 Ncxe5 13. Nxe5 Nxe5 14. O-O Nd3 15. Bxd3 $1 Bxd3 16. Re1 O-O 17. Nf3 h6 18. Be5 f6 19. Bd4 Qc7 20. b4 h5 21. Qd1 Rf7 22. Nd2 f5 23. Bxg7 Rxg7 24. Nf3 g5 25. Nd4 Qf7 $1 26. Qf3 h4 27. g4 (27. Kh1 $15) 27... hxg3 $1 $17 28. Qxg3 g4 {Hoping for ...gxh3.} 29. h4 Qf6 30. Rad1 Be4 31. Kf1 Re8 32. Ke2 {[#]} (32. a4 $17 {might work better.}) 32... Qa6 (32... Bf3+ $1 $19 {[%mdl 512]} 33. Kd2 (33. Nxf3 $2 f4 $19) 33... Bxd1 34. Rxd1 Rh7) 33. a4 $1 $15 Qh6 34. Kd2 $1 Kh8 35. Ne2 Bf3 36. Rc1 Re4 (36... Bxe2 $15 37. Rxe2 Qf6) 37. Nf4 $2 {[%mdl 8192] [#]} (37. Qb8+ $1 $11 Rg8 38. Qxa7) 37... Kh7 $2 (37... Qd6 $1 $19 {And now ...d4! would win.} 38. Rb1 Rd7) 38. Kc2 $2 {[%mdl 8192] [#]} (38. Nh3 $1 $15 gxh3 39. Qxf3) 38... a5 $1 $19 {[%mdl 512]} 39. b5 $2 (39. bxa5 {is a better defense.} d4 40. cxd4) 39... Qd6 {aiming for ...d4!} 40. Kb2 {[#]} d4 $1 {[%mdl 512]} 41. Ne2 (41. cxd4 Qb4+) 41... Qxg3 $2 (41... dxc3+ 42. Nxc3 f4) 42. Nxg3 {[#]} d3 $1 {[%cal Rd3d2] Threatens to win with ...d2.} 43. Nxe4 $2 (43. Rg1) 43... fxe4 {[%mdl 4096] Endgame KRR-KRB} 44. Rg1 Kh6 45. Ra1 Rd7 46. Kc1 d2+ {Black mates.} 47. Kc2 d1=Q+ 48. Raxd1 Rxd1 49. Rxd1 Bxd1+ 50. Kxd1 {KP-KP} Kh5 51. Ke2 Kxh4 52. Kf1 Kh3 53. b6 g3 54. fxg3 Kxg3 {Accuracy: White = 35%, Black = 61%.} 0-1

[Event "XV South American-ch Open U20 2019"]
[Site "Asuncion"]
[Date "2019.05.17"]
[Round "9.6"]
[White "Vazquez, Facundo"]
[Black "Gimenez Aguirre, Alejo Ismael"]
[Result "1/2-1/2"]
[WhiteElo "2086"]
[BlackElo "2247"]
[Annotator "TA"]
[PlyCount "63"]
[EventDate "2019.05.11"]
[EventType "swiss"]
[EventCountry "PAR"]
[SourceTitle "playchess.com"]
[Source "ChessBase"]
[SourceQuality "1"]

{[%evp 18,63,40,41,63,56,66,58,79,76,78,81,90,99,129,114,100,66,145,150,140,84,83,83,89,89,90,82,87,54,71,75,83,53,188,89,91,44,52,58,68,0,22,25,16,0,25,31]} 1. d4 Nf6 2. c4 e6 3. Nf3 d5 4. cxd5 exd5 5. Bg5 Bb4+ 6. Nc3 c6 7. Qc2 O-O 8. e3 h6 9. Bh4 Nbd7 10. Bd3 Qe7 {D51: Queen's Gambit Declined: 4 Bg5 Nbd7 sidelines} (10... Re8 11. O-O Be7 12. Nd2 Nh5 13. Bxe7 Qxe7 14. Rab1 a5 15. a3 Nhf6 16. b4 axb4 17. axb4 b5 18. e4 dxe4 19. Ncxe4 Nxe4 20. Bxe4 {1-0 (74) Karjakin,S (2774)-Mamedyarov,S (2746) Almaty 2016}) 11. O-O g5 12. Bg3 Bxc3 $146 {White is slightly better.} ({Predecessor:} 12... Nh5 13. Rae1 Nxg3 14. fxg3 Nf6 15. a3 Ba5 16. b4 Bc7 17. Nd2 Qd6 18. Qb2 {½-½ (50) Carbajal,C (2064)-Pietrobono,A (2213) ICCF email 2006}) 13. bxc3 {[%cal Bb2c3,Bc3c4,Bc4c5][%mdl 32]} Ne4 14. c4 Nb6 15. c5 Nxg3 16. hxg3 Nd7 17. e4 g4 (17... dxe4 $14 18. Bxe4 Nf6) 18. Nh4 $16 dxe4 19. Nf5 (19. Bxe4 $142 Qg5 20. Rfe1) 19... Qg5 20. Bxe4 Nf6 21. Nd6 Ne8 22. Nc4 Be6 23. Ne5 Rd8 24. Qb2 Nf6 25. Bc2 Nd5 ({Black should play} 25... Rfe8 $14) 26. Bb3 (26. Qxb7 $18 {has better winning chances.} Ne7 27. Rad1 (27. Qxa7 Ra8 $11) (27. Nxc6 Nxc6 28. Qxc6 Rxd4 $16)) 26... Nc7 27. Rad1 Bxb3 28. Qxb3 Ne6 29. Qe3 (29. Rfe1 $14) 29... Qg7 30. Rfe1 Rfe8 31. Qe4 h5 (31... Nxc5 $5 32. Qf5 Rd5 $11) 32. Nc4 {Accuracy: White = 42%, Black = 31%.} 1/2-1/2

[Event "XV South American-ch Open U20 2019"]
[Site "Asuncion"]
[Date "2019.05.17"]
[Round "9.7"]
[White "Heinechen, Juan"]
[Black "Aguilar, Luis Miguel"]
[Result "0-1"]
[WhiteElo "2123"]
[BlackElo "2193"]
[Annotator "NA RC"]
[PlyCount "54"]
[EventDate "2019.05.11"]
[EventType "swiss"]
[EventCountry "PAR"]
[SourceTitle "playchess.com"]
[Source "ChessBase"]
[SourceQuality "1"]
[TimeControl "5400+30"]

1. e4 d6 2. d4 Nf6 3. Nc3 Nbd7 4. Nf3 e5 5. Bc4 Be7 6. O-O h6 7. Re1 c6 8. a4 a5 9. h3 g5 10. Nh2 Qc7 11. Ba2 Nf8 12. d5 Rg8 13. Nf1 Ng6 14. Ne3 Nf4 15. Nf5 Bxf5 16. exf5 Qd7 17. dxc6 bxc6 18. Qf3 g4 19. hxg4 Rxg4 20. g3 Nh3+ 21. Kf1 Ng5 22. Qh1 Rc8 23. Qxh6 Qxf5 24. Bxg5 Rxg5 25. Qh2 Ng4 26. Qg1 Rh5 27. Re4 Rh1 0-1

[Event "XV South American-ch Open U20 2019"]
[Site "Asuncion"]
[Date "2019.05.17"]
[Round "9.8"]
[White "Cosme Contreras, Trilce"]
[Black "Suarez, Pedro"]
[Result "1/2-1/2"]
[WhiteElo "2051"]
[BlackElo "2077"]
[Annotator "NA RC"]
[PlyCount "94"]
[EventDate "2019.05.11"]
[EventType "swiss"]
[EventCountry "PAR"]
[SourceTitle "playchess.com"]
[Source "ChessBase"]
[SourceQuality "1"]
[TimeControl "5400+30"]

1. c4 e5 2. Nc3 d6 3. g3 Be6 4. d3 Qd7 5. Bg2 Nc6 6. Nf3 Bh3 7. O-O Bxg2 8. Kxg2 g6 9. Rb1 Bg7 10. b4 f5 11. e4 Nf6 12. Nd5 O-O 13. b5 Ne7 14. Nxe7+ Qxe7 15. Bg5 h6 16. Bxf6 Qxf6 17. Nh4 f4 18. Qg4 Kh7 19. Nf3 h5 20. Qh4 Bh6 21. Qxf6 Rxf6 {Bh6 Qxf6 Rxf6} 22. h4 fxg3 23. fxg3 Raf8 24. a4 Kg7 25. a5 Be3 26. Ra1 R8f7 27. a6 bxa6 28. Rxa6 Bb6 29. Ra2 Kf8 30. Nh2 Ke7 31. Rxf6 Rxf6 32. Nf3 Kd7 33. Ra1 Ke7 34. Rf1 Bc5 35. Nh2 Rxf1 36. Nxf1 Kf6 37. g4 g5 38. gxh5 gxh4 39. Kh3 Kg5 40. h6 Kxh6 41. Kxh4 Kg6 42. Kg4 Bf2 43. Nd2 Be3 44. Nb1 Bd4 45. Nd2 Be3 46. Nb3 Bb6 47. Nd2 Be3 1/2-1/2